000 00223nam a2200085Ia 4500
245 0 _aMairi's mermaid
100 _a MORPURGO, Michael New York, 2006
_937952
942 _cBK
008 210817s9999 xx 000 0 und d
999 _c135415
_d135414